<?xml version="1.0" encoding="UTF-8"?>
<record
    xmlns:xsi="http://www.w3.org/2001/XMLSchema-instance"
    xsi:schemaLocation="http://www.loc.gov/MARC21/slim http://www.loc.gov/standards/marcxml/schema/MARC21slim.xsd"
    xmlns="http://www.loc.gov/MARC21/slim">

  <leader>01707aaa a2200253 a 4500</leader>
  <controlfield tag="001">78489</controlfield>
  <controlfield tag="003">BD-RjUL</controlfield>
  <controlfield tag="005">20211209083132.0</controlfield>
  <controlfield tag="008">210928s20051426su ||||| brb| 001 p ara d</controlfield>
  <datafield tag="020" ind1=" " ind2=" ">
    <subfield code="a">977382053X</subfield>
  </datafield>
  <datafield tag="035" ind1=" " ind2=" ">
    <subfield code="a">(BD-RjUL)78715</subfield>
  </datafield>
  <datafield tag="040" ind1=" " ind2=" ">
    <subfield code="a">BD-RjUL</subfield>
    <subfield code="b">eng</subfield>
    <subfield code="c">BD-RjUL</subfield>
  </datafield>
  <datafield tag="041" ind1=" " ind2=" ">
    <subfield code="a">ara</subfield>
  </datafield>
  <datafield tag="082" ind1=" " ind2=" ">
    <subfield code="2">23</subfield>
    <subfield code="a">016.89271092</subfield>
    <subfield code="b">NAM 2005[1426]</subfield>
  </datafield>
  <datafield tag="100" ind1=" " ind2=" ">
    <subfield code="a">&#x646;&#x648;&#x641;&#x644;&#x60C; &#x64A;&#x648;&#x633;&#x641; &#x62D;&#x633;&#x646;.. ;; Y&#x16B;suf &#x1E24;asan Nawfal</subfield>
    <subfield code="9">248570</subfield>
  </datafield>
  <datafield tag="245" ind1=" " ind2=" ">
    <subfield code="a"> &#x645;&#x648;&#x633;&#x648;&#x639;&#x629; &#x627;&#x644;&#x634;&#x639;&#x631; &#x627;&#x644;&#x639;&#x631;&#x628;&#x64A; &#x627;&#x644;&#x62D;&#x62F;&#x64A;&#x62B; &#x648;&#x627;&#x644;&#x645;&#x639;&#x627;&#x635;&#x631; : &#x62D;&#x635;&#x631; &#x634;&#x627;&#x645;&#x644; &#x644;&#x634;&#x639;&#x631;&#x627;&#x621; &#x627;&#x644;&#x639;&#x627;&#x644;&#x645; &#x627;&#x644;&#x639;&#x631;&#x628;&#x64A; &#x643;&#x644;&#x647; (7000 &#x634;&#x627;&#x639;&#x631;&#x646;) &#x648;&#x62F;&#x648;&#x627;&#x648;&#x64A;&#x646;&#x647;&#x645;&#x60C; &#x648;&#x627;&#x644;&#x645;&#x62E;&#x62A;&#x627;&#x631;&#x627;&#x62A; &#x648;&#x627;&#x644;&#x645;&#x62C;&#x645;&#x648;&#x639;&#x627;&#x62A; &#x648;&#x627;&#x644;&#x645;&#x637;&#x648;&#x644;&#x627;&#x62A; &#x627;&#x644;&#x634;&#x639;&#x631;&#x64A;&#x629;&#x60C; &#x648;&#x62F;&#x631;&#x627;&#x633;&#x629; &#x62D;&#x62F;&#x64A;&#x62B;&#x629; &#x644;&#x62F;&#x648;&#x627;&#x648;&#x64A;&#x646;&#x647;&#x645; &#x648;&#x645;&#x633;&#x64A;&#x631;&#x629; &#x62A;&#x637;&#x648;&#x631;&#x647;&#x627;: &#x627;&#x644;&#x639;&#x646;&#x648;&#x627;&#x646;&#x60C; &#x648;&#x627;&#x644;&#x645;&#x642;&#x62F;&#x645;&#x627;&#x62A;&#x60C; &#x648;&#x627;&#x644;&#x62C;&#x645;&#x639; &#x648;&#x627;&#x644;&#x62A;&#x62D;&#x642;&#x64A;&#x642;&#x60C; &#x648;&#x627;&#x644;&#x646;&#x634;&#x631; &#x648;&#x627;&#x644;&#x637;&#x628;&#x627;&#x639;&#x629;&#x60C; &#x648;&#x627;&#x644;&#x62A;&#x62C;&#x646;&#x64A;&#x633; &#x627;&#x644;&#x627;&#x62F;&#x628;&#x64A; / Maws&#x16B;&#x2BB;at al-shi&#x2BB;r al-&#x2BB;Arab&#x12B; al-&#x1E25;ad&#x12B;th wa-al-mu&#x2BB;&#x101;&#x1E63;ir : &#x1E25;a&#x1E63;r sh&#x101;mil li-shu&#x2BB;ar&#x101;&#x2BC; al-&#x2BB;&#x101;lam al-&#x2BB;Arab&#x12B; kullih (7000 sh&#x101;&#x2BB;iran) wa-daw&#x101;w&#x12B;nihim, wa-al-mukht&#x101;r&#x101;t wa-al-majm&#x16B;&#x2BB;&#x101;t wa-al-mu&#x1E6D;awwal&#x101;t al-shi&#x2BB;r&#x12B;yah, wa-dir&#x101;sah &#x1E25;ad&#x12B;thah li-daw&#x101;w&#x12B;nihim wa-mas&#x12B;rat ta&#x1E6D;awwurih&#x101;: al-&#x2BB;unw&#x101;n, wa-al-muqaddim&#x101;t, wa-al-jam&#x2BB; wa-al-ta&#x1E25;q&#x12B;q, wa-al-nashr wa-al-&#x1E6D;ib&#x101;&#x2BB;ah, wa-al-tajn&#x12B;s al-adab&#x12B;</subfield>
    <subfield code="c">  &#x64A;&#x648;&#x633;&#x641; &#x62D;&#x633;&#x646; &#x646;&#x648;&#x641;&#x644;. ;; Y&#x16B;suf &#x1E24;asan Nawfal</subfield>
  </datafield>
  <datafield tag="260" ind1=" " ind2=" ">
    <subfield code="a">&#x627;&#x644;&#x642;&#x627;&#x647;&#x631;&#x629; :</subfield>
    <subfield code="b">&#x645;&#x624;&#x633;&#x633;&#x629; &#x627;&#x644;&#x645;&#x62E;&#x62A;&#x627;&#x631;&#x60C; </subfield>
    <subfield code="c">&#x662;&#x660;&#x660;&#x665; </subfield>
  </datafield>
  <datafield tag="260" ind1=" " ind2=" ">
    <subfield code="a">al-Q&#x101;hirah : </subfield>
    <subfield code="b">Mu&#x2BC;assasat al-Mukht&#x101;r,</subfield>
    <subfield code="c">2005</subfield>
  </datafield>
  <datafield tag="300" ind1=" " ind2=" ">
    <subfield code="a">1085 pages ; </subfield>
    <subfield code="c">24 cm</subfield>
  </datafield>
  <datafield tag="650" ind1=" " ind2=" ">
    <subfield code="a"> Arabic poetry</subfield>
    <subfield code="v"> Bibliography. </subfield>
    <subfield code="y">20th century</subfield>
    <subfield code="9">248571</subfield>
  </datafield>
  <datafield tag="650" ind1=" " ind2=" ">
    <subfield code="a">Arabic poetry.</subfield>
    <subfield code="9">248572</subfield>
  </datafield>
  <datafield tag="650" ind1=" " ind2=" ">
    <subfield code="a">Poets,</subfield>
    <subfield code="z"> Arab</subfield>
    <subfield code="9">248573</subfield>
  </datafield>
  <datafield tag="942" ind1=" " ind2=" ">
    <subfield code="2">ddc</subfield>
    <subfield code="c">BK</subfield>
  </datafield>
  <datafield tag="999" ind1=" " ind2=" ">
    <subfield code="c">78489</subfield>
    <subfield code="d">78489</subfield>
  </datafield>
  <datafield tag="952" ind1=" " ind2=" ">
    <subfield code="0">0</subfield>
    <subfield code="1">0</subfield>
    <subfield code="2">ddc</subfield>
    <subfield code="4">0</subfield>
    <subfield code="7">1</subfield>
    <subfield code="8">REF</subfield>
    <subfield code="a">RUCL</subfield>
    <subfield code="b">RUCL</subfield>
    <subfield code="c">Reference</subfield>
    <subfield code="d">2009-11-18</subfield>
    <subfield code="e">Ahsania Mission, Dhaka</subfield>
    <subfield code="g">1400.00</subfield>
    <subfield code="l">0</subfield>
    <subfield code="o">AR 016.89271092 NAM 2005[1426]</subfield>
    <subfield code="r">2021-09-28 00:00:00</subfield>
    <subfield code="t">C-1</subfield>
    <subfield code="w">2021-09-28</subfield>
    <subfield code="y">BK</subfield>
  </datafield>
</record>
